Raja Yudhisthira: (Record no. 201338)

MARC details
000 -LEADER
fixed length control field 00609nam a2200181 4500
010 ## - LCCN (DPL NO)
LC control number ENG-139614
020 ## - INTERNATIONAL STANDARD BOOK NUMBER
International Standard Book Number 9789386392732
Terms of availability 1050.00
035 ## - SYSTEM CONTROL NUMBER
System control number EN-123146
037 ## - SOURCE OF ACQUISITION
Source of stock number/acquisition DBAD/PUB
082 ## - DEWEY DECIMAL CLASSIFICATION NUMBER
Classification number 230.1
100 ## - MAIN ENTRY--PERSONAL NAME
Personal name Mcgrath, Kevin
245 ## - TITLE STATEMENT
Title Raja Yudhisthira:
Remainder of title Kingship in Epic Mahabharta
Statement of responsibility, etc By Kevin McGrath ; Foreword by Gregory Nagy
260 ## - PUBLICATION, DISTRIBUTION, ETC. (IMPRINT)
Place of publication, distribution, etc Hyderabad
Name of publisher, distributor, etc Orient Blackswan Pvt Ltd
Date of publication, distribution, etc 2017
270 ## - ADDRESS
Address 3-6-752 Himayatnagar,
City Hyderabad
Postal code 500029
Electronic mail address info@orientblackswan.com
300 ## - PHYSICAL DESCRIPTION
Extent 246p.
Dimensions 24cm(HB)
700 ## - ADDED ENTRY--PERSONAL NAME
Personal name Nagy, Gregory
9 (RLIN) 63009
942 ## - ADDED ENTRY ELEMENTS (KOHA)
Source of classification or shelving scheme Dewey Decimal Classification
Item type English Books
Classification part 230.1
Call number suffix MCG
Holdings
Withdrawn status Lost status Not for loan Collection code Home library Current library Date acquired Source of acquisition Cost, normal purchase price Full call number Barcode Copy number Cost, replacement price Koha item type
      Non-fiction Central Library Central Library 11/03/2024 DBAD 1050.00 230.1 MCG EN-123146 1 1050.00 English Books

© Delhi Public Library
Hit Counter
free hit counter